000 00845nam a2200277Ia 4500
001 Para_3781
003 CHAP
008 220125s1923 xx 000 0 und d
010 _a204667
040 _cCHAP
090 _aPA FOLLETO 1001
100 _aOverholser, E. L
_984393
245 _aA study of the darkening of apple tissue /
_c by E. L. Overholser and W. V. Cruess
260 _aBerkeley, Cal. :
_b Agricultural Experiment Station
300 _a40 p.
440 _aCalifornnia Agri. Exp. Sta. Technical Paper; 7
_9170619
650 _aManzana
_x Enfermedades Darkening of apple tissue
_9170620
700 1 _aCruess, W. V
_9153664
901 _aPA FOLLETO 1001
902 _aA
905 _a0000001923 BER 0000000000 00
910 _a1923
942 _cPARA
942 _cPARA
_d1
999 _c204667
_d204667